ბათუმის შოთა რუსთაველის სახელმწიფო უნივერსიტეტის ბიბლიოთეკა

The handbook of the Middle East / (ბიბ.ჩანაწერი № 57516)

000 -LEADER
fixed length control field 00645cam a2200205 a 4500
001 - CONTROL NUMBER
control field 14601018
005 - DATE AND TIME OF LATEST TRANSACTION
control field 20221012103338.0
008 - FIXED-LENGTH DATA ELEMENTS--GENERAL INFORMATION
fixed length control field 061019s2008 mnuab b 001 0 eng
020 ## - INTERNATIONAL STANDARD BOOK NUMBER
International Standard Book Number 9780822571438
041 ## - LANGUAGE CODE
Language code of text/sound track or separate title eng
080 ## - UNIVERSAL DECIMAL CLASSIFICATION NUMBER
Universal Decimal Classification number 327.2(5.011)+94(5-011) K-75
100 1# - MAIN ENTRY--PERSONAL NAME
Personal name Kort, Michael,
Dates associated with a name 1944-
9 (RLIN) 8942
245 14 - TITLE STATEMENT
Title The handbook of the Middle East /
Statement of responsibility, etc. by Michael G. Kort.
264 ## - PRODUCTION, PUBLICATION, DISTRIBUTION, MANUFACTURE, AND COPYRIGHT NOTICE
Place of production, publication, distribution, manufacture Minneapolis :
Name of producer, publisher, distributor, manufacturer Twenty-First Century Books,
Date of production, publication, distribution, manufacture, or copyright notice 2008.
300 ## - PHYSICAL DESCRIPTION
Extent 320 p. :
Other physical details ill., maps ;
Dimensions 27 cm.
653 ## - INDEX TERM--UNCONTROLLED
keyword შუა აღმოსავლეთი
653 ## - INDEX TERM--UNCONTROLLED
keyword პოლიტიკა
653 ## - INDEX TERM--UNCONTROLLED
keyword ისტორია
942 ## - ADDED ENTRY ELEMENTS (KOHA)
Source of classification or shelving scheme
Koha item type წიგნი
ეგზემპლარები
Withdrawn status Lost status Source of classification or shelving scheme Damaged status Not for loan Permanent Location Current Location Shelving location Date acquired Cost, normal purchase price Full call number Barcode Date last seen Copy number Price effective from Koha item type Public note
          ბათუმის შოთა რუსთაველის სახელმწიფო უნივერსიტეტის მთავარი ბიბლიოთეკა ბათუმის შოთა რუსთაველის სახელმწიფო უნივერსიტეტის მთავარი ბიბლიოთეკა წიგნსაცავი 2020-07-01 48.00 327.2(5.011)+94(5-011) K-75 60716 2020-07-01 60716 2020-07-01 წიგნი 48 ლ.